000 00531nam a2200193 u 4500
001 000373217
003 AM-YeHGA
005 20250617131944.0
008 041025s2004 ai r 000 0 eng d
020 _a9993072907
040 _aAM-YeHGA
041 0 _aeng
245 0 0 _aBritish Studies :
_bA Course of Lectures /
_cCom., edt.: G. Gasparyan.
260 _aYerevan :
_bMacmillan-Armenia,
_c2004.
300 _a224 p. :
_bill ;
_c24 cm.
650 1 4 _aBritish Studies
700 1 _aGasparyan, Gayane
_4com, edt
090 _c143978
999 _c142597
_d142597